000 00612nam a2200241Ia 4500
003 OSt
005 20221007075733.0
006 a|||||r|||| 00| 0
007 ta
008 221006b |||||||| |||| 00| 0 eng d
024 _a6,441
037 _cTextual
040 _aFLL
_cFLL
_beng
041 _2eng
_aeng
082 _aW:5, P6
100 _aBaxi Upendra Au.
245 0 _aFuture of human rights
250 _a2nd
260 _aNew Delhi
_bOxford university press India
_c2006
300 _axxiv,339p
_ccm.
942 _hW:5, P6
_cTEXL
_2CC
999 _c1157185
_d1157185